| 000 | 01120nam a2200289 c 4500 | ||
|---|---|---|---|
| 003 | BLK | ||
| 005 | 20180422115614.0 | ||
| 008 | 180411b bul|||||r ||||||| ||bul|| | ||
| 010 | _aKNG00197648000 | ||
| 040 | _aBLK | ||
| 041 |
_aBUL _cBUL |
||
| 080 |
_aБългарска литература _b821.163.2 _x-4 _z821.163.2-4 |
||
| 100 | 1 |
_aЦанков, Георги _eпърви автор _gЦанев, Георги Цанков _9363810 |
|
| 700 | 1 |
_aЦанев, Георги Цанков _e* _9370397 |
|
| 139 |
_aЦанков, Георги _bЦ 17 |
||
| 245 | 1 | 0 |
_aОтвъд бариерата _bЕсета _cГеорги Цанков; * Георги Цанков Цанев. |
| 257 | _aBGR | ||
| 260 |
_аСофия _bНар. младеж _c1989 _fВарна : Ст. Добрев-Странджата |
||
| 300 |
_a215 с. _c21 см |
||
| 380 | _aX | ||
| 500 | _aПълното име на авт. е Георги Цанков Цанев. - 3 650 тир. | ||
| 852 | _aЦб 160141 | ||
| 856 | 4 |
_qpdf _u |
|
| 856 | 4 |
_qpdf _u |
|
| 942 |
_cKNG _n0 |
||
| 944 |
_aCR _c08.12.2016 _kКети_Илиева |
||
| 944 |
_aED _c08.12.2016 _kКети_Илиева |
||
| 999 |
_c188629 _d188629 |
||